Międzynarodowi piłkarze według zdjęcia - Statystyki

Ogólne statystyki
  • Ten quiz został rozwiązany 60 razy
  • Średni wynik to 18 z 20
Statystyki odpowiedzi
Obrazkowy Odpowiedź % Poprawnych
Cristiano Ronaldo
100%
Kylian Mbappé
100%
Lionel Messi
100%
Luka Modrić
100%
Harry Kane
98%
Neymar
98%
Robert Lewandowski
98%
Luis Suárez
92%
Zlatan Ibrahimović
92%
Andrés Iniesta
91%
Mohamed Salah
91%
Gareth Bale
89%
Sergio Ramos
89%
Toni Kroos
85%
Kevin de Bruyne
81%
Arjen Robben
77%
David de Gea
75%
Eden Hazard
75%
Giorgio Chiellini
72%
Antoine Griezmann
70%
Nie znaleziono quizów pasujących do podanych kryteriów
Rozkład punktacji
Procent ludzi z każdym wynikiem
Percentyl według liczby udzielonych odpowiedzi
Twoja historia wyników
Nie rozwiązałeś tego quizu